| 000 | 00347nam a22001217a 4500 | ||
|---|---|---|---|
| 008 | 190311b xxu||||| |||| 00| 0 eng d | ||
| 041 | _aeng | ||
| 080 | _a043.3 | ||
| 100 | _a0 | ||
| 101 | _aSHJ-MA | ||
| 245 |
_aInstitucionet e Bashkimit Evropian dhe Ndikimi i Politikave Mjedisore ne te drejten e Mjedisit ne Kosove _cBalaj, F |
||
| 942 |
_2udc _cBK |
||
| 999 |
_c54693 _d54693 |
||